000 00719nam a22002417a 4500
999 _c4300
_d4300
001 4300
003 BD-JhCC
005 20171125210320.0
008 171125r19982008xxua|||| |||| 000 0 ben d
020 _a9844220964
035 _a(BD-JhCC)4300
040 _aBD-JhCC
_dBD-JhCC
041 _aben
082 _a649.8
_bISL 2008
100 _aইসলাম, জুলফিয়া
245 _aহোম নার্সিং /
_cজুলফিয়া ইসলাম
260 _aঢাকা :
_bবিদ্যা প্রকাশ ,
_c২০০৮.
300 _a১৭৩ পৃ. :
_bill, ;
_c২২ সেমি.
650 _aHome Nursing
650 _aFirst Aid
942 _2ddc
_cBK